Study guide for Flammang, Gordon, Lukes, and Smorsten's : (Record no. 41274)
[ view plain ]
| 000 -LEADER | |
|---|---|
| fixed length control field | 00698nam a2200217 a 4500 |
| 001 - CONTROL NUMBER | |
| control field | 41274 |
| 003 - CONTROL NUMBER IDENTIFIER | |
| rucl marc code | BD-RjUL |
| 005 - DATE AND TIME OF LATEST TRANSACTION | |
| control field | 20211209053346.0 |
| 008 - FIXED-LENGTH DATA ELEMENTS--GENERAL INFORMATION | |
| fixed length control field | 160528s1990 cau||||| |||| 00| 0 eng d |
| 020 ## - INTERNATIONAL STANDARD BOOK NUMBER | |
| International Standard Book Number | 0534123449 |
| 035 ## - SYSTEM CONTROL NUMBER | |
| System control number | (BD-RjUL) 41391 |
| 040 ## - CATALOGING SOURCE | |
| Original cataloging agency | BD-RjUL |
| Language of cataloging | eng |
| Transcribing agency | BD-RjUL |
| 041 ## - LANGUAGE CODE | |
| Language code of text/sound track or separate title | eng |
| 082 ## - DEWEY DECIMAL CLASSIFICATION NUMBER | |
| Edition number | 23 |
| Classification number | 785.065 |
| Author mark and year | WUS 1990 |
| 100 1# - MAIN ENTRY--PERSONAL NAME | |
| Personal name | Wurtz, Lucy Valentine |
| 9 (RLIN) | 126974 |
| 245 10 - TITLE STATEMENT | |
| Title | Study guide for Flammang, Gordon, Lukes, and Smorsten's : |
| Remainder of title | American politics in a changing world / |
| Statement of responsibility, etc. | Lucy Valentine Wurtz |
| 260 ## - PUBLICATION, DISTRIBUTION, ETC. (IMPRINT) | |
| Place of publication, distribution, etc. | California : |
| Name of publisher, distributor, etc. | Brooks/Cole, cop. ; |
| -- | Pacific Grove, Cal., |
| Date of publication, distribution, etc. | 1990. |
| 300 ## - PHYSICAL DESCRIPTION | |
| Pagination | [6], 231 p. ; |
| Size | 24 cm. |
| 650 ## - SUBJECT ADDED ENTRY--TOPICAL TERM | |
| Topical term or geographic name as entry element | Politieke situatie |
| 9 (RLIN) | 126975 |
| 942 ## - ADDED ENTRY ELEMENTS (KOHA) | |
| Source of classification or shelving scheme | Dewey Decimal Classification |
| Koha item type | Books |
| Lost status | Source of classification or shelving scheme | Damaged status | Not for loan | Collection code | Permanent Location | Current Location | Shelving location | Date acquired | Total Checkouts | Full call number | Date last seen | Copy number | Koha item type |
|---|---|---|---|---|---|---|---|---|---|---|---|---|---|
| Dewey Decimal Classification | Non-fiction | Central Library, University of Rajshahi | Central Library, University of Rajshahi | 05/12/1993 | 785.065 WUS 1990 | 28/05/2016 | C-2 | Books |